PUBLIC RELATIONS PRACTICES (Record no. 128907)

MARC details
000 -LEADER
fixed length control field 00350pam a2200133 a 4500
020 ## - INTERNATIONAL STANDARD BOOK NUMBER
International Standard Book Number 81-203-2216-9
Terms of availability
041 ## - LANGUAGE CODE
Language code of original
082 ## - DEWEY DECIMAL CLASSIFICATION NUMBER
Classification number 658.812
Item number CEN/JAC
100 ## - MAIN ENTRY--PERSONAL NAME
Personal name CENTER A.H.,JACKSON P.,
245 ## - TITLE STATEMENT
Title PUBLIC RELATIONS PRACTICES
Medium Textual Documents
260 ## - PUBLICATION, DISTRIBUTION, ETC.
Place of publication, distribution, etc. NEW DELHI
Name of publisher, distributor, etc. PRENTICE-HALL OF INDIA PVT LTD
Date of publication, distribution, etc. 2003
300 ## - PHYSICAL DESCRIPTION
Extent XIV+418
930 ## - EQUIVALENCE OR CROSS-REFERENCE-UNIFORM TITLE HEADING [LOCAL, CANADA]
Uniform title 9454
Holdings
Withdrawn status Lost status Damaged status Not for loan Collection Home library Current library Date acquired Total Checkouts Full call number Barcode Date last seen Copy number Price effective from Koha item type
          Institute of Management & Entrepreneurship Development, Pune Institute of Management & Entrepreneurship Development, Pune 19/04/2011   658.812 CEN/JAC IMP-IM-8696 01/03/2023 1 01/03/2023 Book